Chefs-d'oeuvre dramatiques de Hauteroche et Campistron

Hlavní autor: Hauteroche, Noël Lebreton, 1617-1707
Další autoři: Campistron, Jean Galbert de, 1656-1713
Jazyk: Francouzština
Vydáno: Paris : Imprimerie de Jules Didot, 1824
Edice: Répertoire du Théatre français
Témata:
Fyzický popis: 368 stran ; 14 cm
Knihy
Uloženo v:
LEADER 01310nam a22003252i 4500
001 000697732
003 CZ BrMZK
005 20221209100530.0
007 ta
008 031026s1824 fr f |||| 0 fre d
040 |a BOA001  |b cze  |e rda 
072 7 |x Francouzské drama, francouzsky psané  |a 821.133.1-2  |2 Konspekt  |9 25 
080 9 |a 821.133.1-2  |2 MRF 
100 1 |a Hauteroche, Noël Lebreton,  |d 1617-1707  |7 mzk2010587601  |4 aut 
245 1 0 |a Chefs-d'oeuvre dramatiques de Hauteroche et Campistron 
264 1 |a Paris :  |b Imprimerie de Jules Didot,  |c 1824 
300 |a 368 stran ;  |c 14 cm 
336 |a text  |b txt  |2 rdacontent 
337 |a bez média  |b n  |2 rdamedia 
338 |a svazek  |b nc  |2 rdacarrier 
490 1 |a Répertoire du Théatre français ;  |v ordre 2, tome 3 
505 0 0 |t Deul /  |r par Hauteroch --  |t Crispin médecin /  |r par Hauteroche --  |t Cocher supposé /  |r par Hauteroche --  |t Andronic /  |r par Campistron --  |t Jaloux désabusé /  |r par Campistron 
650 0 7 |a francouzské drama  |7 ph120369  |2 czenas 
700 1 |a Campistron, Jean Galbert de,  |d 1656-1713  |7 mzk2009502767 
830 0 |a Répertoire du Théatre français 
910 |a BOA001  |b 1-0063.837,2/3 
990 |a BK 
993 |a Y 
991 |b 202212 
996 6 |b 2619202886  |c 1-0063.837,2/3  |l MZK  |r Sklad / do 1 hodiny  |n 1  |w 000697732  |u 000010  |a 1  |e BOA001  |j MZK50  |s P